[Event "Rheinhessen-ch U16/U18"]
[Site "Oppenheim"]
[Date "2015.01.05"]
[Round "3"]
[White "Ebling, Marc"]
[Black "Schulze Thesing, Lars"]
[Result "1-0"]
[WhiteElo "958"]
[BlackElo "971"]
[PlyCount "77"]
[EventDate "2015.01.03"]
[EventType "swiss"]
[EventRounds "7"]
[EventCountry "GER"]
[SourceTitle "EXT 2017"]
[Source "ChessBase"]
[SourceDate "2016.10.25"]
[SourceVersion "1"]
[SourceVersionDate "2016.10.25"]
[SourceQuality "1"]

1. e4 e6 2. c4 Nf6 3. d3 Nc6 4. Nc3 Bc5 5. Nf3 0-0 6. Be2 Qe7 7. 0-0 d6 8. Bg5 Bd7 9. Qb3 b6 10. Nb5 Na5 11. Qc3 Bxb5 12. cxb5 d5 13. e5 d4 14. Qc1 Qd8 15. Bxf6 gxf6 16. Qh6 Be7 17. b4 Nb7 18. Rac1 Rc8 19. Rc2 c5 20. bxc6 Nc5 21. bxc5 Rxc6 22. Rfc1 b5 23. Rb2 Rc8 24. Rxb5 fxe5 25. Nxe5 Bf6 26. Nc4 Bg7 27. Qh3 Qg5 28. Rf1 Rxc5 29. Rb3 Rc7 30. Bf3 f5 31. Re1 Re7 32. Ra3 Qg6 33. Qh4 Bf6 34. Qf4 Rd8 35. Ra6 Bg7 36. Ne5 Bxe5 37. Qxe5 Rde8 38. Bc6 Rb8 39. Qxb8+ 1-0